[Event "Budapest Statisztika 02"]
[Site "Budapest"]
[Date "1993.??.??"]
[Round "4"]
[White "Habibi, Ali"]
[Black "Roos, Celine"]
[Result "1-0"]
[WhiteElo "2305"]
[BlackElo "2180"]
[EventDate "1993.02.??"]
[PlyCount "81"]

1.Nf3 Nf6 2.g3 d5 3.Bg2 c6 4.O-O Bg4 5.d3 Nbd7 6.Nbd2 e5 7.e4 Bd6 8.Qe1 
O-O 9.h3 Bh5 10.Nh4 dxe4 11.dxe4 Bg6 12.Nc4 Be7 13.Qe2 b5 14.Nd2 a5 15.Nf5
Bxf5 16.exf5 Rc8 17.a4 Qb6 18.Nb3 bxa4 19.Rxa4 Bb4 20.Ra1 Rfe8 21.Be3 Qb7 
22.Rfb1 e4 23.c3 Bd6 24.Nxa5 Qb5 25.Qd2 Bc7 26.Bf1 Qxf5 27.Nxc6 Bb6 28.Nd4
Qg6 29.Ra6 Bxd4 30.cxd4 h5 31.Rba1 h4 32.g4 Nb8 33.R6a5 Nc6 34.Rg5 Qh7 35.
Ra6 Red8 36.Bb5 Nxd4 37.Bxd4 e3 38.Qxe3 Qb1+ 39.Kg2 Rc1 40.Bxf6 Rg1+ 41.
Kf3 1-0

[Event "Budapest Statisztika 02"]
[Site "Budapest"]
[Date "1993.??.??"]
[Round "4"]
[White "Petran, Pal"]
[Black "Roos, Jean Luc"]
[Result "1/2-1/2"]
[WhiteElo "2485"]
[BlackElo "2355"]
[EventDate "1993.02.??"]
[PlyCount "26"]

1.d4 e6 2.Nf3 f5 3.g3 Nf6 4.Bg2 d5 5.O-O Bd6 6.b3 Qe7 7.c4 c6 8.Bb2 O-O 9.
Ne5 b6 10.Nd2 Bb7 11.Rc1 a5 12.a4 Na6 13.Nd3 Nb4 1/2-1/2

[Event "Budapest Statisztika 02"]
[Site "Budapest"]
[Date "1993.??.??"]
[Round "4"]
[White "Somogyi, Istvan"]
[Black "Gaertner, Guntram"]
[Result "1/2-1/2"]
[WhiteElo "2295"]
[BlackElo "2290"]
[EventDate "1993.02.??"]
[PlyCount "69"]

1.d4 Nf6 2.Nf3 e6 3.c4 b6 4.e3 Bb4+ 5.Bd2 a5 6.Bd3 Bb7 7.a3 Bxd2+ 8.Nbxd2 
d6 9.Qc2 Nbd7 10.Ne4 Bxe4 11.Bxe4 Nxe4 12.Qxe4 O-O 13.O-O a4 14.Rfd1 Qb8 
15.Rac1 Ra5 16.Qc2 Rc8 17.e4 c5 18.d5 e5 19.Nh4 g6 20.Qd2 Kg7 21.Rc3 Rh8 
22.Rh3 h6 23.f4 Qd8 24.Rf1 exf4 25.Qxf4 Ne5 26.Rg3 Kh7 27.Nf5 g5 28.h4 f6 
29.Qf2 Ra7 30.hxg5 hxg5 31.Rh3+ Kg8 32.Nh6+ Kg7 33.Nf5+ Kg8 34.Nh6+ Kg7 
35.Nf5+ 1/2-1/2

[Event "Budapest Statisztika 02"]
[Site "Budapest"]
[Date "1993.??.??"]
[Round "5"]
[White "Gaertner, Guntram"]
[Black "Petran, Pal"]
[Result "1/2-1/2"]
[WhiteElo "2290"]
[BlackElo "2485"]
[EventDate "1993.02.??"]
[PlyCount "35"]

1.d4 Nf6 2.c4 e6 3.Nc3 Bb4 4.Bg5 h6 5.Bh4 c5 6.d5 d6 7.e3 Bxc3+ 8.bxc3 Qe7
9.Nf3 e5 10.Qc2 Nbd7 11.Nd2 e4 12.Be2 g5 13.Bg3 Nf8 14.h4 Rg8 15.hxg5 hxg5
16.O-O-O Bf5 17.Kb1 Ng6 18.Ka1 1/2-1/2

[Event "Budapest Statisztika 02"]
[Site "Budapest"]
[Date "1993.??.??"]
[Round "5"]
[White "Gyorkos, Lajos"]
[Black "Somogyi, Istvan"]
[Result "1-0"]
[WhiteElo "2435"]
[BlackElo "2295"]
[EventDate "1993.02.??"]
[PlyCount "53"]

1.c4 Nf6 2.Nf3 c5 3.Nc3 Nc6 4.g3 g6 5.Bg2 Bg7 6.O-O O-O 7.d4 d6 8.b3 Bg4 
9.d5 Na5 10.Bg5 a6 11.a4 Qd7 12.Re1 Bh3 13.Bh1 e6 14.Bd2 exd5 15.cxd5 b5 
16.Ng5 b4 17.Na2 h6 18.Nxh3 Qxh3 19.Bg2 Qh5 20.Rb1 Rfe8 21.Bf4 Ng4 22.h3 
Ne5 23.Qd2 Ra7 24.Nxb4 Nxb3 25.Rxb3 Rb7 26.g4 Qh4 27.Bg3 1-0

[Event "Budapest Statisztika 02"]
[Site "Budapest"]
[Date "1993.??.??"]
[Round "5"]
[White "Nemeth, Zoltan"]
[Black "Grabher, Heinz"]
[Result "1-0"]
[WhiteElo "2380"]
[BlackElo "2165"]
[EventDate "1993.02.??"]
[PlyCount "85"]

1.d4 d5 2.Bf4 c5 3.dxc5 Nc6 4.Nf3 Nf6 5.e3 Bg4 6.Bb5 Qa5+ 7.Nc3 a6 8.Bxc6+
bxc6 9.Qd4 Bxf3 10.gxf3 g6 11.Be5 Bg7 12.a4 O-O 13.b4 Qd8 14.e4 e6 15.O-O 
Ne8 16.Bxg7 Nxg7 17.Kh1 Qb8 18.Rab1 e5 19.Qd3 d4 20.Ne2 Ne6 21.f4 Rd8 22.
f5 Ng7 23.fxg6 fxg6 24.f4 Kh8 25.f5 Rf8 26.fxg6 hxg6 27.Qh3+ Kg8 28.Rxf8+ 
Qxf8 29.Rf1 Qe7 30.Qb3+ Ne6 31.Qg3 Nf8 32.Nc1 Kg7 33.Nd3 Nd7 34.Rf5 Rf8 
35.Kg2 Rxf5 36.exf5 Qf6 37.Qxg6+ Qxg6+ 38.fxg6 Kxg6 39.b5 axb5 40.a5 Nb8 
41.Nxe5+ Kf5 42.Nd3 Na6 43.Kf3 1-0

[Event "Budapest Statisztika 02"]
[Site "Budapest"]
[Date "1993.??.??"]
[Round "5"]
[White "Roos, Celine"]
[Black "Fancsy, Imre"]
[Result "0-1"]
[WhiteElo "2180"]
[BlackElo "2300"]
[EventDate "1993.02.??"]
[PlyCount "56"]

1.c4 e6 2.Nc3 d5 3.cxd5 exd5 4.d4 Be7 5.Nf3 Nf6 6.Bg5 c6 7.Qc2 g6 8.e3 Bf5
9.Qb3 Qb6 10.Nd2 h6 11.Bxf6 Bxf6 12.Be2 Nd7 13.O-O Rb8 14.Qxb6 axb6 15.a4 
Be7 16.Rfc1 Ra8 17.f3 Nf6 18.e4 Be6 19.e5 Nd7 20.Bd3 Bg5 21.Rc2 Be3+ 22.
Kh1 Bxd4 23.f4 Nc5 24.Ne2 Bf2 25.f5 gxf5 26.Nf4 Be3 27.Nxe6 fxe6 28.Be2 
Bxd2 0-1

[Event "Budapest Statisztika 02"]
[Site "Budapest"]
[Date "1993.??.??"]
[Round "5"]
[White "Roos, Jean Luc"]
[Black "Habibi, Ali"]
[Result "1-0"]
[WhiteElo "2355"]
[BlackElo "2305"]
[EventDate "1993.02.??"]
[PlyCount "68"]

1.e4 c5 2.Nc3 Nc6 3.g3 g6 4.Bg2 Bg7 5.d3 Rb8 6.f4 d6 7.Nf3 b5 8.O-O b4 9.
Nd5 e6 10.Ne3 Nge7 11.a3 a5 12.axb4 axb4 13.f5 exf5 14.exf5 O-O 15.Ng5 Bd4
16.f6 Bb7 17.Kh1 Nc8 18.Nf5 Bxf6 19.Nh6+ Kg7 20.Ngxf7 Qe7 21.Qg4 Ne5 22.
Nxe5 Bxg2+ 23.Kxg2 Qxe5 24.Kh3 Qh5+ 25.Qxh5 gxh5 26.Nf5+ Kg6 27.Ra6 Rd8 
28.b3 Bd4 29.Nh4+ Kg7 30.Rf4 Rb6 31.Ra8 Bf6 32.Rf3 d5 33.Nf5+ Kg8 34.Bf4 
Rc6 1-0

[Event "Budapest Statisztika 02"]
[Site "Budapest"]
[Date "1993.??.??"]
[Round "5"]
[White "Schebler, Gerhard"]
[Black "Kiss, Pal"]
[Result "1/2-1/2"]
[WhiteElo "2365"]
[BlackElo "2390"]
[EventDate "1993.02.??"]
[PlyCount "29"]

1.d4 d5 2.Nf3 Nf6 3.c4 c6 4.cxd5 cxd5 5.Nc3 Nc6 6.Bf4 a6 7.e3 Bg4 8.Bd3 e6
9.O-O Bd6 10.Bxd6 Qxd6 11.h3 Bh5 12.Rc1 O-O 13.Be2 Rfc8 14.Na4 Nd7 15.Qd2 
1/2-1/2

[Event "Budapest Statisztika 02"]
[Site "Budapest"]
[Date "1993.??.??"]
[Round "6"]
[White "Kiss, Pal"]
[Black "Roos, Celine"]
[Result "1-0"]
[WhiteElo "2390"]
[BlackElo "2180"]
[EventDate "1993.02.??"]
[PlyCount "135"]

1.d4 Nf6 2.Nf3 b6 3.g3 Bb7 4.Bg2 c5 5.O-O g6 6.c4 cxd4 7.Nxd4 Bxg2 8.Kxg2 
Qc8 9.b3 Qb7+ 10.f3 Bg7 11.Bb2 d5 12.cxd5 Nxd5 13.Qd2 O-O 14.e4 Nf6 15.Qe2
Nc6 16.Nxc6 Qxc6 17.Nc3 Rfd8 18.Rac1 Qb7 19.e5 Bh6 20.Rcd1 Ng4 21.Bc1 Bg7 
22.Bf4 g5 23.Bxg5 Nxe5 24.Qe4 Qxe4 25.Nxe4 f5 26.Rxd8+ Rxd8 27.Bxe7 Rd3 
28.Nd6 f4 29.Rf2 Ng6 30.Nf5 fxg3 31.hxg3 Bc3 32.Bg5 b5 33.Re2 a5 34.Re8+ 
Kf7 35.Rb8 Ke6 36.Rxb5 Ne5 37.Nh4 Rd1 38.Rb6+ Kd5 39.Nf5 Rd3 40.Rd6+ Kc5 
41.Be7 Rxd6 42.Bxd6+ Kb5 43.a4+ Kc6 44.Bxe5 Bxe5 45.Ne3 Kc5 46.Nc2 Bd6 47.
f4 Kd5 48.Kf3 h5 49.Ke3 Bc5+ 50.Kf3 Bd6 51.Ne3+ Kc5 52.f5 Kb4 53.Nc4 Be7 
54.Nd2 Kc3 55.f6 Bb4 56.Ke2 Kc2 57.f7 Kc3 58.Nc4 Kxb3 59.Nxa5+ Kxa4 60.Nc6
Bc5 61.Nd4 Kb4 62.Kd3 Bd6 63.Ne6 Kb5 64.Kd4 Kc6 65.Ke4 Kd7 66.Kf5 h4 67.
gxh4 Bf8 68.Nxf8+ 1-0

[Event "Budapest Statisztika 02"]
[Site "Budapest"]
[Date "1993.??.??"]
[Round "6"]
[White "Roos, Jean Luc"]
[Black "Gaertner, Guntram"]
[Result "1/2-1/2"]
[WhiteElo "2355"]
[BlackElo "2290"]
[EventDate "1993.02.??"]
[PlyCount "84"]

1.e4 c6 2.d4 d5 3.Nd2 dxe4 4.Nxe4 Nf6 5.Nxf6+ gxf6 6.Be2 Bf5 7.Nf3 Qc7 8.
c4 e6 9.O-O Nd7 10.Be3 Rg8 11.Kh1 Be4 12.Bd3 Bxd3 13.Qxd3 f5 14.d5 O-O-O 
15.Bg5 Re8 16.Rad1 Nc5 17.d6 Bxd6 18.Qxd6 Qxd6 19.Rxd6 Ne4 20.Bf4 Rg4 21.
Be5 f6 22.h3 fxe5 23.Rxc6+ bxc6 24.hxg4 Rd8 25.gxf5 exf5 26.Nxe5 Rd2 27.
Nxc6 Kb7 28.Ne7 Rxb2 29.Nxf5 Nxf2+ 30.Kg1 Ng4 31.Rc1 Rxa2 32.c5 Kc7 33.Nd4
Ne3 34.c6 Rxg2+ 35.Kh1 Rd2 36.Nb5+ Kc8 37.Nxa7+ Kc7 38.Nb5+ Kc8 39.Rc3 
Rd1+ 40.Kh2 Rd2+ 41.Kh3 Nd5 42.Rf3 Rd3 1/2-1/2

[Event "Budapest Statisztika 02"]
[Site "Budapest"]
[Date "1993.??.??"]
[Round "6"]
[White "Somogyi, Istvan"]
[Black "Nemeth, Zoltan"]
[Result "1/2-1/2"]
[WhiteElo "2295"]
[BlackElo "2380"]
[EventDate "1993.02.??"]
[PlyCount "87"]

1.d4 d5 2.c4 e6 3.Nc3 Nf6 4.Bg5 c6 5.e3 Nbd7 6.cxd5 cxd5 7.Bd3 Be7 8.Nf3 
a6 9.O-O b5 10.Rc1 Bb7 11.Ne5 Nxe5 12.dxe5 Nd7 13.Bxe7 Qxe7 14.f4 f6 15.
Qh5+ Qf7 16.Qxf7+ Kxf7 17.exf6 gxf6 18.Ne2 Rac8 19.b4 h6 20.Rxc8 Rxc8 21.
Rc1 e5 22.Bf5 Rxc1+ 23.Nxc1 Ke7 24.Nd3 Nb8 25.Nc5 Bc6 26.g3 Kd6 27.Kf2 a5 
28.a3 axb4 29.axb4 Ba8 30.Bd3 Nc6 31.Bxb5 Nxb4 32.Nb3 Bc6 33.Bxc6 Nxc6 34.
fxe5+ Nxe5 35.Nd4 Ng4+ 36.Ke2 Nxh2 37.Nf5+ Ke6 38.Nxh6 f5 39.Kf2 Kf6 40.
Kg2 Ng4 41.Nxg4+ fxg4 42.Kf2 Ke5 43.Ke1 d4 44.exd4+ 1/2-1/2

[Event "Budapest Statisztika 02"]
[Site "Budapest"]
[Date "1993.??.??"]
[Round "7"]
[White "Roos, Celine"]
[Black "Grabher, Heinz"]
[Result "1/2-1/2"]
[WhiteElo "2180"]
[BlackElo "2165"]
[EventDate "1993.02.??"]
[PlyCount "85"]

1.c4 Nc6 2.Nc3 e5 3.g3 Nf6 4.Nf3 Bb4 5.Bg2 O-O 6.O-O Re8 7.Nd5 a5 8.d3 h6 
9.Nxb4 axb4 10.e4 d6 11.h3 Nd7 12.b3 Nc5 13.Bb2 Bd7 14.Kh2 Ra6 15.g4 Ne6 
16.Qd2 Qf6 17.a4 Qf4+ 18.Qxf4 Nxf4 19.d4 f6 20.d5 Na5 21.Nd2 Nd3 22.Rab1 
Rd8 23.Bf3 Nc5 24.Bd1 Raa8 25.Bc2 Kf7 26.f4 Kg8 27.Rf3 g5 28.f5 Kg7 29.Rg1
Rh8 30.Nf1 Be8 31.Bc1 Na6 32.Rfg3 Bf7 33.Bd2 Rhd8 34.Be1 Rab8 35.h4 Rh8 
36.Rh3 Rh7 37.Ng3 c5 38.Bd2 Nc7 39.Bd1 Rbh8 40.Nh5+ Bxh5 41.gxh5 Kf7 42.
Rhg3 Ne8 43.Kh3 1/2-1/2

[Event "Budapest Statisztika 02"]
[Site "Budapest"]
[Date "1993.??.??"]
[Round "8"]
[White "Gaertner, Guntram"]
[Black "Gyorkos, Lajos"]
[Result "1/2-1/2"]
[WhiteElo "2290"]
[BlackElo "2435"]
[EventDate "1993.02.??"]
[PlyCount "31"]

1.d4 Nf6 2.c4 c5 3.d5 b5 4.cxb5 a6 5.e3 g6 6.Nc3 Bg7 7.e4 O-O 8.a4 Bb7 9.
Nf3 e6 10.Be2 axb5 11.Bxb5 exd5 12.exd5 Re8+ 13.Be2 Na6 14.O-O Nb4 15.d6 
Qb6 16.Bc4 1/2-1/2

[Event "Budapest Statisztika 02"]
[Site "Budapest"]
[Date "1993.??.??"]
[Round "8"]
[White "Grabher, Heinz"]
[Black "Fancsy, Imre"]
[Result "1-0"]
[WhiteElo "2165"]
[BlackElo "2300"]
[EventDate "1993.02.??"]
[PlyCount "67"]

1.e4 c5 2.Nf3 e6 3.d4 cxd4 4.c3 Nf6 5.e5 Nd5 6.cxd4 b6 7.Bd3 Bb7 8.Nbd2 d6
9.O-O Be7 10.Ne4 O-O 11.Nxd6 Bxd6 12.Bxh7+ Kxh7 13.Ng5+ Kg8 14.Qh5 Qxg5 
15.Bxg5 Be7 16.Bxe7 Nxe7 17.Rac1 Nbc6 18.Rc3 Rfd8 19.Rh3 Ng6 20.f4 Nxd4 
21.f5 Nxf5 22.Rxf5 exf5 23.e6 Rac8 24.exf7+ Kxf7 25.Qxf5+ Kg8 26.Qe6+ Kf8 
27.Qxg6 Rc1+ 28.Kf2 Rd2+ 29.Ke3 Rxg2 30.Rh8+ Ke7 31.Re8+ Kd7 32.Qe6+ Kc7 
33.Qe5+ Kc6 34.Re6+ 1-0

[Event "Budapest Statisztika 02"]
[Site "Budapest"]
[Date "1993.??.??"]
[Round "8"]
[White "Habibi, Ali"]
[Black "Kiss, Pal"]
[Result "0-1"]
[WhiteElo "2305"]
[BlackElo "2390"]
[EventDate "1993.02.??"]
[PlyCount "134"]

1.e4 c6 2.d3 d5 3.Nd2 e5 4.Ngf3 Bd6 5.g3 Nf6 6.Bg2 O-O 7.O-O Bg4 8.h3 Bh5 
9.Qe1 Bxf3 10.Nxf3 dxe4 11.dxe4 Nbd7 12.Nh4 g6 13.Bg5 Qc7 14.Rd1 Be7 15.
Qe3 Rfe8 16.Bf3 Qb6 17.Qc1 Nc5 18.Rde1 Ne6 19.Be3 Bc5 20.Bh6 Bf8 21.Bd2 
Rad8 22.Be3 Bc5 23.Bh6 Rd7 24.c3 a5 25.a3 Bf8 26.Re2 Bxh6 27.Qxh6 Qc5 28.
Nf5 Red8 29.Qh4 Ne8 30.Nh6+ Kg7 31.Bg4 Qe7 32.Qxe7 Rxe7 33.Bxe6 Rxe6 34.
Ng4 Nf6 35.Nh2 Rd3 36.Kg2 Nd7 37.Rfe1 Red6 38.Nf3 f6 39.Re3 Nb6 40.Rxd3 
Rxd3 41.Re2 Nc4 42.Ne1 Rd1 43.f4 a4 44.Kf2 Kf7 45.fxe5 fxe5 46.Rc2 Rd2+ 
47.Rxd2 Nxd2 48.Nd3 Nxe4+ 49.Ke3 Nxg3 50.Nxe5+ Ke6 51.Nc4 b5 52.Nd2 Ke5 
53.Nf3+ Kd5 54.Nd2 Nf5+ 55.Kd3 Ke5 56.c4 Kf4 57.cxb5 cxb5 58.Ne4 h5 59.Nc3
Kg3 60.Nd5 g5 61.Nf6 Ng7 62.Ne4+ Kh4 63.Ke3 Ne6 64.Nc3 Kxh3 65.Nxb5 g4 66.
Nc3 g3 67.Ne2 Kg2 0-1

[Event "Budapest Statisztika 02"]
[Site "Budapest"]
[Date "1993.??.??"]
[Round "8"]
[White "Roos, Jean Luc"]
[Black "Nemeth, Zoltan"]
[Result "1/2-1/2"]
[WhiteElo "2355"]
[BlackElo "2380"]
[EventDate "1993.02.??"]
[PlyCount "124"]

1.e4 c6 2.d4 d5 3.Nd2 dxe4 4.Nxe4 Bf5 5.Ng3 Bg6 6.h4 h6 7.h5 Bh7 8.Nf3 Nd7
9.Bd3 Bxd3 10.Qxd3 e6 11.Bd2 Qc7 12.O-O-O O-O-O 13.Qe2 Ngf6 14.Ne5 Nb6 15.
c4 Rxd4 16.Be3 Rxd1+ 17.Rxd1 Rg8 18.Bf4 Nbd7 19.Kb1 Nxe5 20.Bxe5 Qb6 21.
Qd3 Be7 22.Nf5 Qd8 23.Qb3 Nd7 24.Nxe7+ Qxe7 25.Bd6 Qf6 26.Bg3 Rd8 27.Qe3 
Nc5 28.Rxd8+ Qxd8 29.Kc2 b6 30.b4 Na6 31.a3 Qf6 32.Qe5 Qxe5 33.Bxe5 f6 34.
Bd6 Nc7 35.Bf8 Ne8 36.Kd3 Kd7 37.f4 a6 38.c5 b5 39.Kd4 f5 40.Ke5 Nf6 41.
Bxg7 Ng4+ 42.Kd4 Ke7 43.Kd3 Kf7 44.Bd4 Ke7 45.Bg7 Ke8 46.Be5 Nf2+ 47.Ke3 
Ne4 48.Bg7 Ng3 49.Bxh6 Nxh5 50.Bg5 Ng3 51.Bh4 Nf1+ 52.Kd3 Kf7 53.Be1 Nh2 
54.Bh4 Ng4 55.Kd4 Ke8 56.Be1 Kd7 57.Bh4 Kc8 58.Be1 Kc7 59.Bg3 Kb7 60.Bh4 
Kc8 61.Be1 Kd7 62.Bh4 Ke8 1/2-1/2

[Event "Budapest Statisztika 02"]
[Site "Budapest"]
[Date "1993.??.??"]
[Round "8"]
[White "Somogyi, Istvan"]
[Black "Roos, Celine"]
[Result "0-1"]
[WhiteElo "2295"]
[BlackElo "2180"]
[EventDate "1993.02.??"]
[PlyCount "98"]

1.d4 Nf6 2.Nf3 b6 3.c4 e6 4.e3 Bb7 5.Bd3 c5 6.O-O Be7 7.b3 cxd4 8.exd4 d5 
9.Bb2 O-O 10.Nc3 Nc6 11.Rc1 Rc8 12.Re1 Nb4 13.Bf1 dxc4 14.bxc4 Bxf3 15.
gxf3 Bd6 16.a3 Nc6 17.Ne4 Bf4 18.Rc2 Nh5 19.Ng3 Qh4 20.d5 Na5 21.Re4 Rcd8 
22.Qd4 Qg5 23.h4 Qg6 24.Bd3 Nxg3 25.fxg3 e5 26.Qc3 f5 27.Ree2 Qxg3+ 28.Rg2
Be3+ 29.Kf1 Qxf3+ 30.Ke1 Bd4 31.Qd2 Bxb2 32.Rxb2 e4 33.Bf1 Rd7 34.Qd4 Nb3 
35.Qe5 Nc5 36.Rg3 Qh5 37.Qf4 Re8 38.Kf2 Nd3+ 39.Bxd3 exd3 40.Rg5 Re2+ 41.
Kg3 Qe8 42.Rd2 Re3+ 43.Kh2 Rde7 44.Rxf5 Re2+ 45.Kg1 Re1+ 46.Kh2 R7e2+ 47.
Kh3 Rxd2 48.Qxd2 Re3+ 49.Kg4 Qe4+ 0-1

[Event "Budapest Statisztika 02"]
[Site "Budapest"]
[Date "1993.??.??"]
[Round "9"]
[White "Nemeth, Zoltan"]
[Black "Gaertner, Guntram"]
[Result "1/2-1/2"]
[WhiteElo "2380"]
[BlackElo "2290"]
[EventDate "1993.02.??"]
[PlyCount "47"]

1.Nf3 Nf6 2.g3 b6 3.Bg2 Bb7 4.O-O e6 5.c4 Be7 6.b3 O-O 7.Bb2 c5 8.e3 Nc6 
9.Nc3 d5 10.Qe2 dxc4 11.bxc4 Rc8 12.d3 Qc7 13.Rfd1 Rfd8 14.Ne1 Na5 15.f4 
Bxg2 16.Qxg2 a6 17.g4 Qc6 18.Nf3 b5 19.g5 Ne8 20.cxb5 axb5 21.Ne4 Nc4 22.
Ne5 Nxe5 23.Bxe5 c4 24.dxc4 1/2-1/2

[Event "Budapest Statisztika 02"]
[Site "Budapest"]
[Date "1993.??.??"]
[Round "9"]
[White "Roos, Celine"]
[Black "Petran, Pal"]
[Result "0-1"]
[WhiteElo "2180"]
[BlackElo "2485"]
[EventDate "1993.02.??"]
[PlyCount "94"]

1.c4 e5 2.Nc3 Nf6 3.Nf3 Nc6 4.g3 Bc5 5.e3 d6 6.d4 exd4 7.exd4 Bb6 8.Bg2 
O-O 9.O-O Bg4 10.Be3 Qd7 11.Qd2 Rfe8 12.a3 Na5 13.Qd3 Bf5 14.Qe2 Nb3 15.
Rad1 c5 16.dxc5 Bxc5 17.Nd5 Nxd5 18.Rxd5 Be4 19.Ng5 Bg6 20.Qf3 h6 21.Bxc5 
Nxc5 22.Qd1 Bd3 23.Nxf7 Bxf1 24.Nxh6+ gxh6 25.Bxf1 Ne4 26.f3 Nf6 27.Rxd6 
Qe7 28.c5 Rad8 29.Qb3+ Kg7 30.Bd3 Rxd6 31.cxd6 Qxd6 32.Qxb7+ Re7 33.Qb5 
Qb6+ 34.Qxb6 axb6 35.Kf2 Nd7 36.f4 Nc5 37.Bc4 Na4 38.b3 Nc3 39.a4 Kf6 40.
g4 Ne4+ 41.Ke3 Nd6+ 42.Kd3 Re4 43.g5+ hxg5 44.fxg5+ Kxg5 45.Kc3 Nxc4 46.
bxc4 Kf6 47.Kb4 Re5 0-1

[Event "Budapest Statisztika 02"]
[Site "Budapest"]
[Date "1993.??.??"]
[Round "9"]
[White "Schebler, Gerhard"]
[Black "Roos, Jean Luc"]
[Result "0-1"]
[WhiteElo "2365"]
[BlackElo "2355"]
[EventDate "1993.02.??"]
[PlyCount "45"]

1.d4 e6 2.Nf3 f5 3.Bg5 Nf6 4.Nbd2 d5 5.e3 Nbd7 6.Ne5 Be7 7.f4 O-O 8.Ndf3 
Nxe5 9.fxe5 Ne4 10.Bxe7 Qxe7 11.c3 Bd7 12.Bd3 a6 13.Qe2 Be8 14.O-O Bh5 15.
Qc2 c5 16.Bxe4 fxe4 17.Nd2 cxd4 18.exd4 Qg5 19.Rxf8+ Rxf8 20.Nf1 e3 21.Ng3
Rf2 22.Qb3 Bf3 23.gxf3 0-1

[Event "Budapest Statisztika 02"]
[Site "Budapest"]
[Date "1993.??.??"]
[Round "10"]
[White "Gyorkos, Lajos"]
[Black "Nemeth, Zoltan"]
[Result "1/2-1/2"]
[WhiteElo "2435"]
[BlackElo "2380"]
[EventDate "1993.02.??"]
[PlyCount "26"]

1.d4 d5 2.c4 c6 3.Nc3 Nf6 4.Nf3 e6 5.cxd5 cxd5 6.Bf4 Nc6 7.e3 Bd6 8.Bxd6 
Qxd6 9.Bd3 a6 10.O-O Bd7 11.Qe2 O-O 12.Rfc1 b5 13.Nd1 Rfc8 1/2-1/2

[Event "Budapest Statisztika 02"]
[Site "Budapest"]
[Date "1993.??.??"]
[Round "10"]
[White "Habibi, Ali"]
[Black "Grabher, Heinz"]
[Result "1/2-1/2"]
[WhiteElo "2305"]
[BlackElo "2165"]
[EventDate "1993.02.??"]
[PlyCount "108"]

1.Nf3 Nc6 2.c4 e5 3.d3 Nf6 4.g3 Bb4+ 5.Nbd2 d5 6.a3 Bxd2+ 7.Qxd2 Bg4 8.Bg2
Bxf3 9.exf3 Nd4 10.Qd1 O-O 11.O-O c5 12.f4 Re8 13.Kh1 Qd7 14.b4 b6 15.Rb1 
e4 16.bxc5 bxc5 17.cxd5 Nxd5 18.Bb2 e3 19.Qh5 Rad8 20.Qxd5 Qxd5 21.Bxd5 e2
22.Rfe1 Rxd5 23.Bxd4 Rxd4 24.Rxe2 Kf8 25.Rxe8+ Kxe8 26.Rb3 c4 27.Rb8+ Rd8 
28.Rxd8+ Kxd8 29.dxc4 Kc7 30.Kg2 Kc6 31.Kf3 Kc5 32.Ke4 Kxc4 33.Ke5 a5 34.
Kd6 a4 35.Ke7 Kb3 36.Kxf7 Kxa3 37.Kxg7 Kb4 38.f5 a3 39.f6 a2 40.f7 a1=Q+ 
41.Kg8 Qa2 42.f4 Kc5 43.Kg7 Qb2+ 44.Kg8 Qb3 45.Kg7 Qc3+ 46.Kg8 Qc4 47.Kg7 
Qd4+ 48.Kg8 Qd5 49.Kg7 Qd7 50.Kg8 Qg4+ 51.Kxh7 Qf5+ 52.Kg7 Qd7 53.Kg8 Qe6 
54.Kg7 Qg4+ 1/2-1/2

[Event "Budapest Statisztika 02"]
[Site "Budapest"]
[Date "1993.??.??"]
[Round "10"]
[White "Petran, Pal"]
[Black "Fancsy, Imre"]
[Result "1/2-1/2"]
[WhiteElo "2485"]
[BlackElo "2300"]
[EventDate "1993.02.??"]
[PlyCount "67"]

1.d4 d5 2.c4 e6 3.Nc3 Be7 4.Nf3 Nf6 5.Bg5 h6 6.Bh4 O-O 7.e3 b6 8.Be2 Bb7 
9.Bxf6 Bxf6 10.cxd5 exd5 11.b4 c6 12.O-O Qd6 13.Rb1 Nd7 14.Qd2 a5 15.b5 c5
16.Rfd1 Rfd8 17.g3 Nf8 18.Bf1 Ne6 19.Ne2 Rac8 20.Rbc1 Qd7 21.a4 cxd4 22.
Nfxd4 Nc5 23.Qa2 Ne4 24.f3 Rxc1 25.Rxc1 Nc5 26.Nf4 Qe7 27.Rc3 Be5 28.Qc2 
Bxf4 29.gxf4 Re8 30.Qd1 Qf6 31.Bh3 Qh4 32.Bf1 Qf6 33.Bh3 Kh8 34.Qd2 
1/2-1/2

[Event "Budapest Statisztika 02"]
[Site "Budapest"]
[Date "1993.??.??"]
[Round "10"]
[White "Roos, Jean Luc"]
[Black "Roos, Celine"]
[Result "1-0"]
[WhiteElo "2355"]
[BlackElo "2180"]
[EventDate "1993.02.??"]
[PlyCount "79"]

1.e4 c6 2.d4 d5 3.Nd2 dxe4 4.Nxe4 Bf5 5.Ng3 Bg6 6.h4 h6 7.h5 Bh7 8.Nf3 Nd7
9.Bd3 Bxd3 10.Qxd3 e6 11.Bd2 Qc7 12.O-O-O Ngf6 13.Qe2 Bd6 14.Nf5 Bf4 15.
Bxf4 Qxf4+ 16.Ne3 O-O 17.g3 Qc7 18.Kb1 c5 19.g4 Rfd8 20.Rhg1 cxd4 21.Nxd4 
Qc5 22.c3 Ne5 23.f4 Nc6 24.Nb3 Qb6 25.g5 hxg5 26.fxg5 Nd5 27.Nxd5 Rxd5 28.
g6 Ne5 29.gxf7+ Nxf7 30.Nd4 Re8 31.Rg6 Rg5 32.Rxg5 Nxg5 33.Rg1 Nh7 34.Qe5 
Re7 35.h6 g5 36.Qb8+ Kf7 37.Rf1+ Kg6 38.Qg8+ Kh5 39.Rh1+ Kg4 40.Qg6 1-0

[Event "Budapest Statisztika 02"]
[Site "Budapest"]
[Date "1993.??.??"]
[Round "10"]
[White "Somogyi, Istvan"]
[Black "Kiss, Pal"]
[Result "1/2-1/2"]
[WhiteElo "2295"]
[BlackElo "2390"]
[EventDate "1993.02.??"]
[PlyCount "120"]

1.d4 Nf6 2.Nf3 e6 3.c4 d5 4.Nc3 c6 5.cxd5 exd5 6.Bg5 Be7 7.e3 Bf5 8.Bd3 
Bxd3 9.Qxd3 Nbd7 10.O-O O-O 11.Rac1 Re8 12.a3 a5 13.Bxf6 Nxf6 14.Na4 Ne4 
15.Nd2 Bd6 16.f4 Nf6 17.Nf3 Re7 18.Ne5 Ne4 19.Nc3 Nxc3 20.Rxc3 f6 21.Nf3 
Qb6 22.Nh4 Re4 23.Rb3 Qc7 24.Nf5 Bf8 25.Ng3 Ree8 26.Rf3 a4 27.Rc3 Qe7 28.
Qc2 g6 29.h4 f5 30.h5 Bg7 31.Qd1 Ra5 32.hxg6 hxg6 33.Nf1 Kf7 34.Rh3 Rb5 
35.Rc2 Rh8 36.Rxh8 Bxh8 37.g4 fxg4 38.Qxg4 Bg7 39.Rf2 Qe4 40.Qd7+ Qe7 41.
Qh3 Kg8 42.Rg2 Qf6 43.Qc8+ Qf8 44.Qg4 Qf6 45.Qc8+ Qf8 46.Qh3 Qf6 47.Rh2 
Rb3 48.Qh7+ Kf7 49.Rg2 c5 50.f5 gxf5 51.Qh5+ Kg8 52.Rg6 Qf7 53.Ng3 Kf8 54.
Nxf5 Rb6 55.Nh4 cxd4 56.Qg4 Rxg6 57.Nxg6+ Kg8 58.Ne5 Qc7 59.Qe6+ Kh7 60.
Qf5+ Kg8 1/2-1/2

[Event "Budapest Statisztika 02"]
[Site "Budapest"]
[Date "1993.??.??"]
[Round "11"]
[White "Grabher, Heinz"]
[Black "Somogyi, Istvan"]
[Result "0-1"]
[WhiteElo "2165"]
[BlackElo "2295"]
[EventDate "1993.02.??"]
[PlyCount "76"]

1.e4 c5 2.Nf3 e6 3.d4 cxd4 4.c3 Nf6 5.e5 Nd5 6.cxd4 d6 7.Nc3 dxe5 8.Nxe5 
Bb4 9.Bd2 O-O 10.Bd3 Nc6 11.Nxc6 bxc6 12.O-O Qb6 13.Nxd5 cxd5 14.Bxb4 Qxb4
15.Rb1 g6 16.Be2 Bd7 17.a3 Qa5 18.Qd3 Qb6 19.Rfc1 Rfc8 20.Qd2 Bb5 21.Bxb5 
Qxb5 22.h4 h5 23.Rc3 Rab8 24.Rxc8+ Rxc8 25.Rc1 Rxc1+ 26.Qxc1 Qd3 27.Qc5 
Qb1+ 28.Kh2 Qxb2 29.Qxa7 Qxf2 30.Kh3 Qf5+ 31.Kh2 Qf4+ 32.g3 Qf2+ 33.Kh3 
Qg1 34.Qb8+ Kg7 35.Qb2 f6 36.Qd2 Qh1+ 37.Qh2 Qxh2+ 38.Kxh2 Kf7 0-1

[Event "Budapest Statisztika 02"]
[Site "Budapest"]
[Date "1993.??.??"]
[Round "11"]
[White "Kiss, Pal"]
[Black "Petran, Pal"]
[Result "1/2-1/2"]
[WhiteElo "2390"]
[BlackElo "2485"]
[EventDate "1993.02.??"]
[PlyCount "25"]

1.d4 Nf6 2.c4 e6 3.Nf3 c5 4.d5 exd5 5.cxd5 d6 6.Nc3 g6 7.e4 Bg7 8.Be2 O-O 
9.O-O a6 10.a4 Nbd7 11.Nd2 Ne5 12.Qc2 g5 13.Ra3 1/2-1/2

[Event "Budapest Statisztika 02"]
[Site "Budapest"]
[Date "1993.??.??"]
[Round "11"]
[White "Roos, Celine"]
[Black "Gaertner, Guntram"]
[Result "1/2-1/2"]
[WhiteElo "2180"]
[BlackElo "2290"]
[EventDate "1993.02.??"]
[PlyCount "131"]

1.c4 e5 2.Nc3 Bb4 3.Nd5 Bc5 4.e3 c6 5.Nc3 d5 6.d4 exd4 7.exd4 Be7 8.Nf3 
Nf6 9.Bd3 O-O 10.Qb3 dxc4 11.Bxc4 b5 12.Bd3 Bg4 13.Be3 Nbd7 14.Nd2 a6 15.
O-O Nb6 16.Qc2 Rc8 17.h3 Be6 18.Rad1 Nbd5 19.Nxd5 cxd5 20.Qb1 Qd7 21.Bf4 
h6 22.Nf3 Qb7 23.Rfe1 Rfe8 24.Ne5 Nd7 25.Bh7+ Kh8 26.Ng6+ fxg6 27.Bxg6 Nf8
28.Bxe8 Rxe8 29.Qd3 Qd7 30.Qg3 Bf6 31.Rc1 Rc8 32.Rxc8 Qxc8 33.Rc1 Qe8 34.
Be5 Qf7 35.Rc7 Bd7 36.Qf3 Qe6 37.Bxf6 gxf6 38.Qf4 Kg7 39.Rc3 Ng6 40.Qf3 
Ne7 41.Qg3+ Kf7 42.Rc7 Nf5 43.Qg4 Ke7 44.Rc2 h5 45.Qd1 Qb6 46.Rc5 Be6 47.
b4 h4 48.Qh5 Nxd4 49.Qxh4 Nf5 50.Qh7+ Kd6 51.Qh8 Ke7 52.Qh7+ Kd6 53.g4 Ne7
54.Qg7 f5 55.f4 Nc6 56.Qf8+ Ne7 57.g5 a5 58.a3 axb4 59.axb4 Kd7 60.Qf6 Qa7
61.Qe5 Nc6 62.Qg7+ Ne7 63.h4 Qb8 64.Qd4 Ng6 65.Qg7+ Ne7 66.Qe5 1/2-1/2

[Event "Budapest zt-B"]
[Site "Budapest"]
[Date "1993.??.??"]
[Round "1"]
[White "Haba, Petr"]
[Black "Marin, Mihail"]
[Result "1/2-1/2"]
[WhiteElo "2485"]
[BlackElo "2515"]
[EventDate "1993.03.??"]
[PlyCount "61"]

1.e4 e5 2.Nf3 Nc6 3.Bb5 a6 4.Ba4 Nf6 5.O-O Nxe4 6.d4 b5 7.Bb3 d5 8.dxe5 
Be6 9.Nbd2 Nc5 10.c3 Be7 11.Bc2 Bg4 12.Re1 Qd7 13.Nf1 Rd8 14.Ne3 Bh5 15.b4
Ne6 16.g4 Bg6 17.Nf5 O-O 18.a4 d4 19.axb5 axb5 20.Be4 Rfe8 21.Qd3 Nb8 22.
Bd2 c5 23.cxd4 Nxd4 24.N3xd4 Bxf5 25.Nxf5 Qxd3 26.Bxd3 Rxd3 27.Nxe7+ Rxe7 
28.Ra8 Re8 29.Bf4 Rd4 30.Bg3 Kf8 31.bxc5 1/2-1/2